000 00626nam a22001817a 4500
005 20120412123034.0
020 _a8187414855
_c88.00
035 _aB-79445
037 _aDPL
_bENG
100 _aBose, M.
_944988
245 _aPractical material for class X :
_bTogether with Social Science /
_cby M. Bose, L. Jacob and Yogesh Vijay
260 _aNew Delhi
_bRachna Sagar Pvt. Ltd.
_c2003
300 _a248p.
_c24 cms.
700 _aJacob, L.
_944989
700 _aVijay, Yogesh
_944990
942 _2ddc
_cEN
_h300
_mBOS
999 _c64909
_d64909